| 000 | 01086nas a2200301 4500 | ||
|---|---|---|---|
| 001 | BR8600363 | ||
| 003 | BR-BrBNA | ||
| 005 | 20231205090323.0 | ||
| 007 | ta | ||
| 008 | 230509b bl.|||p| |||| 00| 00por d | ||
| 040 |
_aBR-BrBNA _bpor _cBiblioteca Nacional de Agricultura |
||
| 041 | _a(Pt) | ||
| 072 | _aF04 | ||
| 100 | 1 | _aJunqueira, E.C. | |
| 100 | 1 | _aNascimento Junior, D. do | |
| 100 | 1 | _aSilva, R.F. da | |
| 100 | 1 | _aTorres, R. de A. | |
| 100 | 1 | _aObeid, J.A. | |
| 245 | 1 | _aEfeito da adubacao nitrogenada em alguns componentes da producao de sementes de Andropogon gayanus var. bisquamulatus cv. Planaltina | |
| 246 | 1 | _aEffect of nitrogen application on the seed production of Andropogon grass (Andropogon gayanus var. bisquamulatus cv. (Planaltina) | |
| 650 | _aCAPIM ANDROPOGON | ||
| 650 | _aSEMENTE | ||
| 650 | _aFERTILIZANTE NITROGENADO | ||
| 650 | _aADUBACAO | ||
| 773 | 0 |
_tRevista da Sociedade Brasileira de Zootecnia (Brazil) _xISSN 0100-4859 _g(1985), v. 14(3) p. 281-292 _wBR8600363 |
|
| 909 |
_a202311 _bLúcia _c55 _dLúcia Elande |
||
| 942 |
_2AGRIS _n0 _cANA |
||
| 999 |
_c117599 _d117599 |
||